Çoğulcu demokrasi çoğunlukçu demokrasi ikilemi ve insan hakları toplantısı (Record no. 7501)

MARC details
000 -BAŞLIK
Sabit Uzunlukta Kontrol Alanı 01043na a2200289 4500
001 - KONTROL NUMARASI
Denetim Alanı 20638
003 - KONTROL NUMARASI IDENTIFIER
Denetim Alanı MIRAKIL
005 - SON İŞLEM TARİHİ VE ZAMANI
Denetim Alanı 20181213155141.0
008 - SABİT-BOY VERİ ELEMANLARI - GENEL BİLGİLER
Sabit Uzunlukta Kontrol Alanı 170125b tu 000 0
020 ## - ULUSLARARASI STANDART KİTAP NUMARASI
Uluslararası Standart Kitap Numarası 9786055614737
035 ## - SİSTEM KONTROL NUMARASI
Sistem Kontrol Numarası 20638
040 ## - KATALOGLAMA KAYNAK
Orijinal Kataloglama Ajansı Milas
Kataloglama Dili tur
Metne Dönüştürmek Ajansı TR-AnCHP
041 ## - DİL KODU
Metin / Ses Parça Veya Ayrı Başlığın Dil Kodu tur
082 ## - DEWEY ONLU SINIFLANDIRMA NUMARASI
Sınıflandırma Numarası 323.4
Ürün Numarası Ç63 2010
090 ## - SINIFLAMA NUMARASI
Sınıflama Numarası 323.4 Ç63 2010
111 ## - ANA GİRİŞ - TOPLANTI ADI
Giriş Elemanı Olarak Toplantı Adı Veya Yargı Alanı Adı Çoğulcu Demokrasi Çoğunlukçu Demokrasi İkilemi ve İnsan Hakları Toplantısı
Toplantının Yeri Ankara
Toplantı Veya Antlaşma İmzalandığı Tarihi 2010
245 ## - BAŞLIK TABLOSU
Başlık Çoğulcu demokrasi çoğunlukçu demokrasi ikilemi ve insan hakları toplantısı
Sorumluluk Tablosu, Vb Kamu Hukukçuları Paltformu; yayına hazırlayan Ece Göztepe
260 ## - YAYIN, DAĞITIM, VB
Yayın, Dağıtım, Vb Yeri Ankara
Yayıncı, Dağıtıcı, Vs Adı Türkiye Barolar Birliği
Yayın, Dağıtım, Vb Tarihi 2011
300 ## - FİZİKSEL TANIM
Kapsam xvi, 347 s.
Boyutlar 24 s.
440 ## - SERİSİ TABLOSU / KATMA GİRİŞİ - BAŞLIK
Başlık Türkiye Barolar Birliği Yayınları
Hacim / Ardışık Tanımı 186
490 ## - SERİSİ TABLOSU
Seri Beyanı TBB İnsan Hakları Merkezi Yayını
Hacim / Ardışık Tanımı 10
650 ## - KONU KATMA GİRİŞ - TOPİKAL DÖNEM
Topikal Süreli Veya Coğrafi Ad Giriş Elemanı İnsan hakları
Genel Alt Bölümü Demokrasi
Kronolojik Alt Bölümü Toplantılar
650 ## - KONU KATMA GİRİŞ - TOPİKAL DÖNEM
Topikal Süreli Veya Coğrafi Ad Giriş Elemanı Demokrasi
Genel Alt Bölümü Çoğulculuk
Kronolojik Alt Bölümü Toplantılar
700 ## - KATMA GİRİŞ - KİŞİSEL İSİM
Kişisel Ad Göztepe, Ece
710 ## - KATMA GİRİŞ - KURUMSAL ADI
Giriş Elemanı Olarak Kurumsal Ad Veya Yargı Alanı Adı Kamu Hukukçuları Platformu
942 ## - EKLENDİ GİRİŞ ELEMANLARI (KOHA)
Sınıflandırma Veya Raf Düzeni Kaynak Dewey Decimal Classification
Koha Öğesi Türü Books
999 ## - SİSTEM KONTROL NUMARALARI (KOHA)
Koha Biblionumber 7501
Koha Biblioitemnumber 7501
Holdings
Kalıcı Konum Mevcut Konum Edinme Tarihi Edinim Kaynak Toplam Check-Out'Lar Tam Çağrı Numarası Barkod Tarih Son Görülme İtibaren Geçerli Fiyatlar Koha Öğesi Türü
CHP Kütüphanesi CHP Kütüphanesi 01/25/2017 Bağış   323.4 Ç63 2010 012621 01/25/2017 01/25/2017 Books